000 00254nam a2200109Ia 4500
008 200302s9999 xx 000 0 und d
100 _aWilliam R. Marken
245 _aComplete Deck Book
260 _bSunset Books Inc.
260 _c1996
300 _a272 P.,
999 _c1475
_d1475